Vista normal
Vista MARC
Entrada Personal Name
Número de registros utilizados en: 1
001 - CONTROL NUMBER
- control field: 17967
003 - CONTROL NUMBER IDENTIFIER
- control field: DLC
005 - DATE AND TIME OF LATEST TRANSACTION
- control field: 20260325125317.0
008 - FIXED-LENGTH DATA ELEMENTS
- fixed length control field: 001107n| azannaabn |a aaa c
010 ## - LIBRARY OF CONGRESS CONTROL NUMBER
- LC control number: no 00091284
035 ## - SYSTEM CONTROL NUMBER
- System control number: (OCoLC)oca05350923
040 ## - CATALOGING SOURCE
- Original cataloging agency: NmU
- Language of cataloging: spa
- Transcribing agency: Mx-PuUPA
- Description conventions: rda
- Modifying agency: DLC
- Modifying agency: GVaS
- Modifying agency: Mx-PuUPA
046 ## - SPECIAL CODED DATES
- Birth date: 1946
- Source of date scheme: edtf
100 1# - HEADING--PERSONAL NAME
- Personal name: Rossman, J. Robert,
- Fuller form of name: (James Robert),
- Dates associated with a name: 1946-
370 ## - ASSOCIATED PLACE
- Associated country: Estados Unidos
- Other associated place: Phoenix (Ariz.ona)
- Source of term: naf
372 ## - FIELD OF ACTIVITY
- Field of activity: Educación Superior
- Field of activity: Recreación - Gestión
- Source of term: lcsh
373 ## - ASSOCIATED GROUP
- Associated group: Universidad Estatal de Illinois
- Source of term: naf
373 ## - ASSOCIATED GROUP
- Associated group: Universidad de Illinois en Urbana-Champaign
- Source of term: naf
- End period: 1981
374 ## - OCCUPATION
- Occupation: Profesor universitario
- Occupation: Administrador universitario
- Occupation: Autor
- Source of term: lcsh
375 ## - GENDER
- Gender: hombre
- Source of term: lcdgt
377 ## - ASSOCIATED LANGUAGE
- Language code: eng
400 1# - SEE FROM TRACING--PERSONAL NAME
- Personal name: Rossman, James Robert,
- Dates associated with a name: 1946-
510 2# - SEE ALSO FROM TRACING--CORPORATE NAME
- Control subfield: r
- Relationship information: Employer:
- Corporate name or jurisdiction name as entry element: Illinois State University
670 ## - SOURCE DATA FOUND
- Source citation: Recreation programming, c2000:
- Information found: t.p. (J. Robert Rossman) p. 454 (recreation programmer for over 30 yrs.; has served as recreation leader, program supervisor, program administrator, undergrad. and grad. instructor, and speaker)
670 ## - SOURCE DATA FOUND
- Source citation: Designing experiences, 2019:
- Information found: back flap (J. Robert Rossman is professor and dean emeritus at the College of Applied Science and Technology at Illinois State University); page xvi (J. Robert Rossman, Phoenix, AZ)
670 ## - SOURCE DATA FOUND
- Source citation: OCLC database, 11/7/00
- Information found: (usage on pubs.: J. Robert Rossman)
670 ## - SOURCE DATA FOUND
- Source citation: LC in OCLC (89-60962), 11/7/00
- Information found: (hdg.: Rossman, James Robert, 1946- ; usage: J. Robert Rossman)
670 ## - SOURCE DATA FOUND
- Source citation: OCLC #30104848, 11/7/00
- Information found: (hdg.: Rossman, James Robert, 1946- ; usage: James Robert Rossman; author's Ph. D. thesis, Univ. of Ill. at Urbana-Champaign, 1981)